HAMARI SANSAD (Record no. 9537)
[ view plain ]
| 000 -LEADER | |
|---|---|
| fixed length control field | 00338nam a2200145Ia 4500 |
| 003 - CONTROL NUMBER IDENTIFIER | |
| control field | OSt |
| 005 - DATE AND TIME OF LATEST TRANSACTION | |
| control field | 20240108103651.0 |
| 008 - FIXED-LENGTH DATA ELEMENTS--GENERAL INFORMATION | |
| fixed length control field | 170524s9999 xx 000 0 und d |
| 020 ## - INTERNATIONAL STANDARD BOOK NUMBER | |
| International Standard Book Number | 9788123702575 |
| 040 ## - CATALOGING SOURCE | |
| Transcribing agency | IIMT UNIVERSITY |
| 100 ## - MAIN ENTRY--PERSONAL NAME | |
| Personal name | KASHYAP- SUBHASH |
| 245 #0 - TITLE STATEMENT | |
| Title | HAMARI SANSAD |
| 260 ## - PUBLICATION, DISTRIBUTION, ETC. | |
| Name of publisher, distributor, etc. | RASTIYA PUSTAK NEYAS |
| 942 ## - ADDED ENTRY ELEMENTS (KOHA) | |
| Source of classification or shelving scheme | |
| Koha item type | Text-Book- for 7 days |
| Withdrawn status | Lost status | Source of classification or shelving scheme | Damaged status | Not for loan | Home library | Current library | Date acquired | Total Checkouts | Barcode | Date last seen | Date last checked out | Price effective from | Koha item type |
|---|---|---|---|---|---|---|---|---|---|---|---|---|---|
| IIMT University Central Library Meerut | IIMT University Central Library Meerut | 05/31/2017 | 1 | 01-B-94709 | 10/09/2019 | 10/01/2019 | 05/31/2017 | Book Bank | |||||
| IIMT University Central Library Meerut | IIMT University Central Library Meerut | 05/31/2017 | 1 | 01-B-94710 | 02/26/2018 | 02/08/2018 | 05/31/2017 | Book Bank | |||||
| IIMT University Central Library Meerut | IIMT University Central Library Meerut | 05/31/2017 | 01-B-94711 | 05/31/2017 | 05/31/2017 | Book Bank | |||||||
| IIMT University Central Library Meerut | IIMT University Central Library Meerut | 05/31/2017 | 2 | 01-B-94712 | 04/13/2021 | 04/07/2021 | 05/31/2017 | Book Bank | |||||
| IIMT University Central Library Meerut | IIMT University Central Library Meerut | 05/31/2017 | 1 | 01-B-94713 | 05/12/2022 | 05/04/2022 | 05/31/2017 | Book Bank | |||||
| IIMT University Central Library Meerut | IIMT University Central Library Meerut | 05/31/2017 | 01-B-94714 | 12/14/2017 | 05/31/2017 | Book Bank |

